Labour Problems and Social Welfare / (Record no. 6819)
[ view plain ]
| 000 -LEADER | |
|---|---|
| fixed length control field | 00918nam a2200373Ia 4500 |
| 001 - CONTROL NUMBER | |
| control field | 6832 |
| 005 - DATE AND TIME OF LATEST TRANSACTION | |
| control field | 20240113233942.0 |
| 007 - PHYSICAL DESCRIPTION FIXED FIELD--GENERAL INFORMATION | |
| fixed length control field | ta |
| 008 - FIXED-LENGTH DATA ELEMENTS--GENERAL INFORMATION | |
| fixed length control field | 050701s1958 a g b000 u 903 u |
| 040 ## - CATALOGING SOURCE | |
| Original cataloging agency | Cotton College,Assam |
| 041 ## - LANGUAGE CODE | |
| Language code of text/sound track or separate title | 903 |
| 082 ## - DEWEY DECIMAL CLASSIFICATION NUMBER | |
| Classification number | 331.954 |
| Item number | Sa 97 La |
| 100 ## - MAIN ENTRY--PERSONAL NAME | |
| Personal name | Saxena, R.C. . |
| 245 #0 - TITLE STATEMENT | |
| Title | Labour Problems and Social Welfare / |
| Statement of responsibility, etc. | R.C. Saxena. |
| Medium | Textual Documents |
| 250 ## - EDITION STATEMENT | |
| Edition statement | 6th / |
| 260 ## - PUBLICATION, DISTRIBUTION, ETC. | |
| Place of publication, distribution, etc. | Meerut : |
| Name of publisher, distributor, etc. | Jay Prakash Nath & Co. , |
| Date of publication, distribution, etc. | 1958. |
| 300 ## - PHYSICAL DESCRIPTION | |
| Extent | xiv, 762p. : |
| Other physical details | ill. ; |
| Dimensions | 26 cm. . |
| 653 ## - INDEX TERM--UNCONTROLLED | |
| Uncontrolled term | Economics |
| 653 ## - INDEX TERM--UNCONTROLLED | |
| Uncontrolled term | Social Welfare |
| 653 ## - INDEX TERM--UNCONTROLLED | |
| Uncontrolled term | Labour |
| 653 ## - INDEX TERM--UNCONTROLLED | |
| Uncontrolled term | Working Class |
| 653 ## - INDEX TERM--UNCONTROLLED | |
| Uncontrolled term | PG-Economics |
| 653 ## - INDEX TERM--UNCONTROLLED | |
| Uncontrolled term | T/G-economics |
| 942 ## - ADDED ENTRY ELEMENTS (KOHA) | |
| Source of classification or shelving scheme | Dewey Decimal Classification |
| Koha item type | Books |
| Withdrawn status | Lost status | Damaged status | Not for loan | Collection | Home library | Current library | Date acquired | Coded location qualifier | Total checkouts | Full call number | Barcode | Date last seen | Copy number | Price effective from | Koha item type |
|---|---|---|---|---|---|---|---|---|---|---|---|---|---|---|---|
| Dr. Suryya Kumar Bhuyan Library | Dr. Suryya Kumar Bhuyan Library | 01/02/2012 | 00000 | 331.954 Sa 97 La | 89374 | 13/01/2024 | 5 | 01/02/2012 | Books | ||||||
| Dr. Suryya Kumar Bhuyan Library | Dr. Suryya Kumar Bhuyan Library | 01/02/2012 | 00000 | 331.954 Sa 97 La | 007/Eco | 13/01/2024 | 7 | 01/02/2012 | Books | ||||||
| Dr. Suryya Kumar Bhuyan Library | Dr. Suryya Kumar Bhuyan Library | 01/02/2012 | 00000 | 331.954 Sa 97 La | 088/Eco | 13/01/2024 | 6 | 01/02/2012 | Books | ||||||
| Dr. Suryya Kumar Bhuyan Library | Dr. Suryya Kumar Bhuyan Library | 01/02/2012 | 00000 | 331.954 Sa 97 La | 089/Eco | 13/01/2024 | 3 | 01/02/2012 | Books | ||||||
| Dr. Suryya Kumar Bhuyan Library | Dr. Suryya Kumar Bhuyan Library | 01/02/2012 | 00000 | 331.954 Sa 97 La | 090/Eco | 13/01/2024 | 4 | 01/02/2012 | Books | ||||||
| Dr. Suryya Kumar Bhuyan Library | Dr. Suryya Kumar Bhuyan Library | 01/02/2012 | 00000 | 331.954 Sa 97 La | 175/Eco | 13/01/2024 | 1 | 01/02/2012 | Books | ||||||
| Dr. Suryya Kumar Bhuyan Library | Dr. Suryya Kumar Bhuyan Library | 01/02/2012 | 00000 | 331.954 Sa 97 La | 35030 | 13/01/2024 | 8 | 01/02/2012 | Books | ||||||
| Dr. Suryya Kumar Bhuyan Library | Dr. Suryya Kumar Bhuyan Library | 01/02/2012 | 00000 | 331.954 Sa 97 La | 83486 | 13/01/2024 | 2 | 01/02/2012 | Books |
